Mantención de la variabilidad de orquídeas chilenas
Tallennettuna:
| Päätekijä: | |
|---|---|
| Aineistotyyppi: | Kirja |
| Kieli: | espanja |
| Julkaistu: |
Santiago
Ximena Calderón Baltierra
2012
|
| Aiheet: | |
| Tagit: |
Lisää tagi
Ei tageja, Lisää ensimmäinen tagi!
|
MARC
| LEADER | 00000cam a2200000 a 4500 | ||
|---|---|---|---|
| 001 | UCF6268 | ||
| 003 | CL-VaPUC | ||
| 008 | 130418e20120000CL |||||||||||||||||spa|d | ||
| 020 | |a 9789563517231 | ||
| 082 | 0 | 4 | |a 635.9344 |b CAL |2 21 |
| 100 | 0 | |a Calderón Baltierra, Ximena |e author |9 568273 | |
| 245 | 1 | 0 | |a Mantención de la variabilidad de orquídeas chilenas |
| 300 | |a 107 p | ||
| 942 | |c BK | ||
| 945 | |d 20130418 00:00:00 |a dcastane | ||
| 260 | |a Santiago |b Ximena Calderón Baltierra |c 2012 | ||
| 650 | 7 | |a ORQUIDEAS |2 CL-VaPUC |9 503481 | |
| 650 | 0 | |a Cultivo |9 264268 | |
| 650 | 0 | |a Germinación |9 316434 | |
| 650 | 7 | |a PRODUCCION DE SEMILLAS |2 CL-VaPUC |9 568274 | |
| 583 | |a last modification |c 20151001 11:58:54 |k Rodrigo Vera | ||
| 999 | |c 351541 |d 351539 | ||